Cases and materials on Employment law / (Record no. 5295)

MARC details
000 -LEADER
fixed length control field 00782nam a22002057a 4500
008 - FIXED-LENGTH DATA ELEMENTS--GENERAL INFORMATION
fixed length control field 130301t xxu||||| |||| 00| 0 eng d
020 ## - INTERNATIONAL STANDARD BOOK NUMBER
International Standard Book Number 9-7801-9958-0712
082 ## - DEWEY DECIMAL CLASSIFICATION NUMBER
Edition number 22 ed.
Classification number 344.4101
Item number PAI
100 ## - MAIN ENTRY--PERSONAL NAME
Personal name Painter,Richard W.
9 (RLIN) 6978
245 ## - TITLE STATEMENT
Title Cases and materials on Employment law /
Statement of responsibility, etc Richard W. Painter and Ann E.M. Holmes
250 ## - EDITION STATEMENT
Edition statement 8 ed
260 ## - PUBLICATION, DISTRIBUTION, ETC. (IMPRINT)
Place of publication, distribution, etc USA :
Name of publisher, distributor, etc Oxford University press
Date of publication, distribution, etc 2011
300 ## - PHYSICAL DESCRIPTION
Extent liv, 858 P. ;
Dimensions 24 cm.
500 ## - GENERAL NOTE
General note Includes Index
650 ## - SUBJECT ADDED ENTRY--TOPICAL TERM
Topical term or geographic name as entry element Employment law
9 (RLIN) 6909
650 ## - SUBJECT ADDED ENTRY--TOPICAL TERM
Topical term or geographic name as entry element Cases and materials on Employment law
9 (RLIN) 6979
700 ## - ADDED ENTRY--PERSONAL NAME
Personal name Holmes, Ann E.M.
9 (RLIN) 6980
942 ## - ADDED ENTRY ELEMENTS (KOHA)
Source of classification or shelving scheme Dewey Decimal Classification
Item type Books
Holdings
Withdrawn status Lost status Source of classification or shelving scheme Damaged status Not for loan Home library Current library Shelving location Date acquired Total Checkouts Full call number Barcode Date last seen Copy number Price effective from Koha item type Public note
    Dewey Decimal Classification     Law Development Centre Main Library Law Development Centre Main Library Text Books and Laws 03/01/2013   344.4101 PAI 4307/2013 03/01/2013 1 03/01/2013 Books Reserve